| 000 | 00594nam a2200193 a 4500 | ||
|---|---|---|---|
| 001 | 8139 | ||
| 003 | CO-ViMGA | ||
| 008 | 141112s2004 ck r 000 u spa d | ||
| 020 | _a9543400211 | ||
| 040 |
_aCO-ViMGA _bspa _cCO-ViMGA |
||
| 082 | 0 | 4 | _aCo863.44 B18p |
| 100 | 1 |
_aBastidas Padilla, Carlos _92520 |
|
| 245 | 1 | 0 |
_aPermitame que la muerda, senorita / _cBastidas Padilla Carlos |
| 260 |
_aBogotá, _cPlaza y Janes, _c1997 |
||
| 300 | _a146 p. | ||
| 590 | _aForma de adquisición : donacion - - Proveedor : Luis Ángel Arango | ||
| 650 | 1 | 4 | _acuentos colombianos siglo xx |
| 942 |
_2ddc _cBK |
||
| 999 |
_c19953 _d19953 |
||